¿Cuantos Champions League tiene cada pais Latino? - Estadísticas

Estadísticas generales
  • Esta prueba ha sido intentada 130 veces
  • La puntuación promedio es 7 de 7
Estadísticas de respuestas
Hint País % Correcto
Es el segundo país con mas futbolistas que han ganado la Champions conun total de 21 futbolistas siendo uno de ellos los mas grandes futbolistas de la historia.
es un país que se le puede considerar que el futbol esta muy arriagado en la vida, en la cultura y la sociedad en el país sudamericano.
Argentina
100%
Es el país con mas futbolistas que han levantado la orejona,con un total de 58 futbolistas, donde la mayoria de ellos son considerados grandes estrellas.
Es un país sudamericano que a destacado mucho en este deporte a nivel internacional.
Brasil
100%
Es un país sudamericano que ha tenido 3 futbolistas han conseguido ganar la Orejona, entre uno de ellos como James Rodriguez e Ivan Cordoba Colombia
100%
Es un país con poca población, pero eso no ha sido empedimiento que 4futbolistas han conseguido ganar la Champions League, tambien se le considera un país con mucha cultura de futbol. Uruguay
99%
Es un país de Norteamerica que tiene dos jugadores que han ganado la Champions League, ambos jugadores lo consiguieron con el Barcelona México
98%
El ultimo pais que aparece en esta lista, es un pais sudamericano que tambien tienen la Champions en su palmares, siendo Juan Aguero y Roque Santa Cruz. Paraguay
98%
Pais sudamericano que tiene dos grandes futbolistas que tienen la copa de Europamas importante en su palmares, siendo de referencia a Claudio Pizarro y Víctor Benitez Perú
98%
No se encontraron pruebas coincidentes
Distribución de puntuación
Porcentaje de gente con cada puntuación
Porcentaje por número respondido
Historial de tus puntuaciones
No has intentado esta prueba.